• 首页
  • 本馆介绍
  • 公告通知
  • 最新文献
  • 馆藏检索
  • 电子资源
  • 读者导购
  • 参考咨询
  • 我的图书馆
  • 登录
  • 详细信息显示
  • 放入我的书架
  • 预约/预借图书
  • 作者相关作品
  • 分类相关作品
  • 丛书相关作品
  • 出版社相关作品

书目信息

  • 表格格式
  • 工作单格式
  • 卡片格式
题名:
书经集传
    
 
作者: (宋)蔡沈 撰
分册:  
出版信息: 北京   中国书店  2018.5
页数: 536页
开本: 27cm
丛书名:
单 册:
中图分类: K221.04
科图分类:
主题词: 中国历史--商周时代 , 《书经》--注释
电子资源:
ISBN: 978-7-5149-2024-6
000 00979nam0 2200241 45
001 012001005296
005 20141008141429.0
010    @a978-7-5149-2024-6@dCNY126.00
100    @a20180429d2018 em y0chiy0110 ea
101 0  @achi
102    @aCN@b110000
105    @ay z 000yy
106    @ar
200 1  @a书经集传@9shu jing ji chuan@f(宋)蔡沈撰@F( Song) Cai Shen Zhuan@PSCSZ
210    @a北京@c中国书店@d2018.5
215    @a536页@d27cm
330    @a淳祐中,其子杭表进於朝,称《集传》六卷、《小序》一卷、朱熹《问答》一卷,缮写成十二册。其《问答》一卷久佚。董鼎《书传纂注》,称淳祐经进本,录朱子《与蔡仲默帖》及语录数段,今各类入《纲领辑录》内。是其文犹散见於鼎书中,其条目则不复可考。《小序》一卷,沈亦逐条辨驳,如朱子之攻《诗序》。今其文犹存,而书肆本皆削去不刊。
606 0  @a中国历史@x商周时代
606 0  @a《书经》@x注释
690    @aK221.04@v5
701  0 @a(宋)蔡沈@9( song ) cai shen@4撰
801  0 @aCN@b上海新华@c20180901
905    @b1173481-4@dK221.04@e43@f4
    
    书经集传/(宋)蔡沈撰.-北京:中国书店,2018.5
    536页;27cm
    
    
    ISBN 978-7-5149-2024-6:CNY126.00
    淳祐中,其子杭表进於朝,称《集传》六卷、《小序》一卷、朱熹《问答》一卷,缮写成十二册。其《问答》一卷久佚。董鼎《书传纂注》,称淳祐经进本,录朱子《与蔡仲默帖》及语录数段,今各类入《纲领辑录》内。是其文犹散见於鼎书中,其条目则不复可考。《小序》一卷,沈亦逐条辨驳,如朱子之攻《诗序》。今其文犹存,而书肆本皆削去不刊。
●
相关链接 在E读中查询图书 在五车中查询图书 在当当中查询图书 在豆瓣中查询图书


正题名:书经集传     索取号:K221.04/43         预约/预借

序号 登录号 条形码 馆藏地/架位号 状态 备注
1 1173481   211734818   第二样本阅览室/ [索取号:K221.04/43] 在馆    
2 1173482   211734827   密集书库-史法系/ [索取号:K221.04/43] 在馆    
3 1173483   211734836   第二借阅区/ [索取号:K221.04/43] 在馆    
4 1173484   211734845   第二借阅区/ [索取号:K221.04/43] 在馆    
唐山师范学院图书馆 欢迎您!
大连网信软件有限公司© 版权所有